1301 1477 1290 1768 1027 1457 1782 1435 1348 1440 1060 1401 1794 1181 1537 1597 1344 1691 1536 1240 1696 1148 1392 1420 1880 1938 1081 1297 1293 1182 1447 1669 1854 1426 1818 1954 1364 1991 1686 1496 1271 1505 1773 1226 1281 1897 1188 1520 1926 1432 1613 1256 1487 1733 1658 1738 1662 1281 1045 1501 1916 1054 1963 1146 1520 1631 1964 1109 1135 1624 1070 1722 1606 1167 1510 1977 1065 1530 1605 1916 1254 1258 1434 1669 1210 1362 1656 1013 1086 1912 1850 1021 1919 1943 1227 1649 1405 1700 1276 BCNSPRNW ULIB Ver.6.0+V

เปลี่ยนเป็นภาษาไทย

Change to English
 แสดงรายละเอียดบรรณานุกรม
  กลับหน้าหลัก

Brief Record : Get Marc (ISO 2709) : E-mail record : QR code < ปิดหน้าต่าง
LEADER : 00000nam 2200000uu 4500
001    13399112546
003     ULIB
008    110824s2554||||th 000 0 tha d
020    9786165001304
090    นว.^bร147ค 2554
100 0  ร่มแก้ว
245 00 คุณชายปวรรุจ/^cร่มแก้ว
250    พิมพ์ครั้งที่ 4
260    กรุงเทพฯ :^bพิมพ์คำ,^c2554
300    328 หน้า
490 0  นวนิยายชุด สุภาพบุรุษจุฑาเทพ
945    ^p220^l0^i18515
995    กัณชพร
999    ^aใช้งานได้ทุกระบบ
รายการนี้ยังไม่มีแท็ก
คุณยังไม่ได้ล็อกอิน คุณสามารถมีกิจกรรมร่วมกับเว็บไซต์ได้ แต่ต้องล็อกอินก่อน ::
  ล็อกอิน

รายการสื่อสารสนเทศ

ลำดับที่ ประเภท เลขเรียก/บาร์โค้ด สถานที่ สถานะ
1. นวนิยาย
นวนิยาย
นว. ร147ค 2554  
  Barcode: 18515
ห้องสมุดวิทยาเขตสวรรค์ประชารักษ์
►นวนิยาย
บนชั้น
  ขอยืม

รายการใกล้เคียง
    ผู้แต่ง [ร่มแก้ว]

BibComment


ยังไม่เคยถูกคอมเมนท์

คอมเมนท์ทรัพยากรรายการนี้
  คอมเมนท์: คุณชายปวรรุจ ร่มแ..


 Copyright 2026. Bcnsprnw @Library